000 01460nam a22003617a 4500
003 CHAP
005 20220329143908.0
008 120626s2012 mx r 00010 spa d
010 _a103441
011 _a104413
035 _a115103
040 _cCHAP
090 _aTesis
100 1 _aFlores Tovar, Isabel Hortencia
_941765
245 1 0 _aBiodiversidad avifaunística en el municipio de Pitzotlán, Morelos, en la época de sequia
_h[En línea]
_c/por Isabel Hortencia Flores Tovar
260 _aChapingo, Méx. :
_bEl autor,
_c2012
500 _aPara ver el contenido del material haga clic en la liga
502 _aTesis (Ing. Agr. Esp. en Zootecnia) -- UACH. Departamento de Enseñanza, Investigación y Servicio en Zootecnia
590 _aALEPH
_b10
_c20130110
_lUCH01
_h1545
590 _aBATCH-UPD
_b10
_c20130110
_lUCH01
_h1555
590 _aBATCH-UPD
_b10
_c20130410
_lUCH01
_h0952
590 _aBATCH-UPD
_b10
_c20130914
_lUCH01
_h0438
590 _aBATCH-UPD
_b10
_c20140324
_lUCH01
_h1531
590 _aBATCH-UPD
_b10
_c20141002
_lUCH01
_h0853
590 _aCONVERSION
_b10
_c20130109
_lUCH01
_h1357
650 0 4 _aAves
_xMorelos.
_98619
650 0 4 _aBiodiversidad
_xConservación.
_912726
856 _3Finding aid
_uhttp://10.13.5.2/tesis/115103.pdf
_zTeclea aqui
901 _aBK
942 _cFOLL
949 _aTesis
_bBC
_cTES
_d33724002325090
_eTS2
_fc.2
_h53508
_i115103
_st
949 _aTesis
_bBC
_cTES
_d33724002325132
_eTS1
_gDonaciØn
_h53507
_i115103
_st
999 _c103441
_d103441